Online
Catalog

Origen y desarrollo de la universidad de la tercera edad (UTE) : (Record no. 47403)

MARC details
000 -CABECERA
campo de control de longitud fija 00865nam a2200169 a 4500
001 - NÚMERO DE CONTROL
campo de control 000047915
005 - FECHA Y HORA DE LA ÚLTIMA TRANSACCIÓN
campo de control 20201002060816.0
008 - DATOS DE LONGITUD FIJA--INFORMACIÓN GENERAL
campo de control de longitud fija 181004s2004 dr 000 0 spa d
040 ## - FUENTE DE LA CATALOGACIÓN
Centro catalogador/agencia de origen DO-SdBNP
Lengua de catalogación spa
Centro/agencia transcriptor BNPHU
082 ## - NÚMERO DE LA CLASIFICACIÓN DECIMAL DEWEY
Número de clasificación xx
Número de documento/Ítem xx
100 1# - ENTRADA PRINCIPAL--NOMBRE DE PERSONA
Nombre de persona Almánzar García, José Nicolás
9 (RLIN) 3006
245 10 - MENCIÓN DE TÍTULO
Título Origen y desarrollo de la universidad de la tercera edad (UTE) :
Resto del título "La Universidad de la Vida y la Esperanza " /.
260 ## - PUBLICACIÓN, DISTRIBUCIÓN, ETC.
Lugar de publicación, distribución, etc. Santo Domingo :
Nombre del editor, distribuidor, etc. Editora Tele-3,
Fecha de publicación, distribución, etc. [190?].
300 ## - DESCRIPCIÓN FÍSICA
Extensión 430 p. ;
Dimensiones 24 cm.
505 0# - NOTA DE CONTENIDO CON FORMATO
Nota de contenido con formato Antecedentes --
Título Los orígenes de la UTE-Dominicana --
-- Pasos legales para el nacimiento de la UTE-Dominicana --
-- Programa universitario para la tercera edad --
-- El program universitario para la tercera edad convertido en universida --
-- Filosofía y metodología a seguir --
-- El solprendente desarrollo de la UTE --
590 ## - NOTA LOCAL (RLIN)
Nota local Inventariado, 2018/VM
Holdings
Estado de retiro Estado de pérdida No para préstamo Código de colección Localización permanente Ubicación/localización actual Ubicación en estantería Fecha de adquisición Número de inventario Total de préstamos Signatura topográfica completa Código de barras Fecha visto por última vez Precio válido a partir de Tipo de ítem Koha
    Excluido de préstamo Patrimonio Dominicano Patrimonio Dominicano Patrimonio Dominicano Depósito 04.10.2018 LF1   xx xx 47915-10 25.06.2020 25.06.2020 Libro y Folleto Colección Patrimonio Dominicano

Powered by Koha